Observaciones sobre los fenómenos de endocarso en la Cueva del Indio, Parque Nacional Natural Cueva de los Guácharos, Huila - Colombia (Registro nro. 10038)

Detalles MARC
000 -CABECERA
Campo de control 007050000a22001690004500
090 ## - CLASIFICACIÓN LOCAL
Colección AR
Consecutivo 00950
041 0# - IDIOMA
Código de idioma para texto/pista de sonido o título separado
100 1# - ASIENTO PRINCIPAL--NOMBRE PERSONAL
Nombre personal González Eliseo, Amado
245 10 - MENCION DE TITULO
Título Observaciones sobre los fenómenos de endocarso en la Cueva del Indio, Parque Nacional Natural Cueva de los Guácharos, Huila - Colombia
650 14 - ASIENTO SECUNDARIO DE MATERIA - TERMINO TEMATICO
Término temático o nombre geográfico como elemento de entrada Espeleología
650 14 - ASIENTO SECUNDARIO DE MATERIA - TERMINO TEMATICO
Término temático o nombre geográfico como elemento de entrada Morfometría
650 14 - ASIENTO SECUNDARIO DE MATERIA - TERMINO TEMATICO
Término temático o nombre geográfico como elemento de entrada Estructuras litológicas
651 #4 - ASIENTO SECUNDARIO DE MATERIA - NOMBRE GEOGRAFICO
-- Cueva del Indio, Parque Nacional Natural Cueva de los Guácharos
-- Huila
-- Colombia
700 1# - ASIENTO SECUNDARIO - NOMBRE PERSONAL
Nombre personal Morales Alvarez, Ludis del Rosario
773 1# - Item fuente:
Título Boletín Científico de la Universidad de la Salle
Especificación de materiales 182
Descripción física 2
Paginas del Articulo 23-42
Lugar, editorial y fecha de publicación 1989
Información sobre la relación 3
942 ## - ELEMENTOS ADICIONALES (KOHA)
Tipo de ítem Artículo
Existencias
Withdrawn status Lost status Damaged status No para préstamo Colección Ubicación Permanente Ubicación actual Fecha de adquisición Fuente de Valor Datos de publicación Seriada Total Checkouts Número topográfico Inventario / Código de Barras Date last seen Ejemplar Price effective from Forma de adquisición Tipo de material
      No para Préstamo Hemeroteca Bogotá Bogotá 27/02/2015 Muñoz Saba, Yaneth Fuera de circulación   AR 00950 011248 25/03/2015 1 25/03/2015   Artículo
      No para Préstamo Hemeroteca Bogotá Bogotá 27/02/2015 Muñoz Saba, Yaneth Fuera de circulación   AR 00950 011249 25/03/2015 1 25/03/2015   Artículo